Financování projektů

Salvato in:
Dettagli Bibliografici
Autore principale: Tětrevová, Liběna
Natura: Libro
Lingua:ceco
Pubblicazione: Praha Professional Publishing 2006
Soggetti:
Tags: Aggiungi Tag
Nessun Tag, puoi essere il primo ad aggiungerne!!

MARC

LEADER 00000nam$a2200000$$$4500
001 0053588
005 20240313132903.4
020 |a 80-86946-09-6 
041 0 |a cze 
044 |a CZ 
245 1 0 |a Financování projektů  |c Liběna Tetřevová 
264 1 |a Praha  |b Professional Publishing  |c 2006 
300 |a 182 s. 
610 2 0 |a projekty 
610 2 0 |a financovanie projektové 
610 2 0 |a rozhodovanie finančné 
610 2 0 |a rozhodovanie investičné 
610 2 0 |a projekty investičné 
610 2 0 |a reštrukturalizácia 
610 2 0 |a zdroje finančné 
610 2 0 |a dlhopisy podnikové 
610 2 0 |a emisia 
610 2 0 |a sektor verejný 
610 2 0 |a sektor súkromný 
610 2 0 |a Česko 
100 1 |a Tětrevová, Liběna